000 00413nam a2200181Ia 4500
001 10759
005 20260306161855.0
008 260306t1993||||xx |||||||||||||| ||spa||
041 _aESP
082 _a947.93
_bL89
100 _aLorot, Pascal
_eAUT
245 0 _aLos países bálticos
260 _c1993
300 _a152 páginas :
_c17 cm.
650 _aGEN
654 _aCHU
942 _cLIB
_dJUS
_fJUS
_2ddc
_n
999 _c10759
_d10759